| 000 | 00842cab a2200229 4500 | ||
|---|---|---|---|
| 001 | WB2804-07 | ||
| 008 | 090401t1992 xxu||||| |||| 00| 0 eng d | ||
| 035 | _a(Sirsi) u12927 | ||
| 041 | _aeng | ||
| 245 | _aPressure on Eurotunnel | ||
| 260 | _c1992 | ||
| 350 | _a0 | ||
| 490 |
_aTimes _v23 January 1992, 212&23(2) |
||
| 520 | _aIn "Channel Tunnel Group Ltd and France Manche SA v Balfour Beatty Construction Ltd and others", CA 22 January 1992, Eurotunnel suffered a legal setback when an earlier judgement was overturned and allowed the builder to down tools on one part of the contract, the installation of the cooling system. | ||
| 650 | _aARBITRATION ACT 1950 | ||
| 650 | _aARBITRATIONS | ||
| 650 | _aCHANNEL TUNNEL | ||
| 650 | _aDISPUTES | ||
| 690 | _aBUILDING AND CONSTRUCTION-CASE LAW | ||
| 942 | _n0 | ||
| 948 | _c04/03/1997 | ||
| 999 |
_c8300 _d8300 |
||